|
|
|
|
| LEADER |
00000cam a22000004a 4500 |
| 001 |
musev2_58657 |
| 003 |
MdBmJHUP |
| 005 |
20230905050025.0 |
| 006 |
m o d |
| 007 |
cr||||||||nn|n |
| 008 |
170508s2018 nju o 00 0 eng d |
| 010 |
|
|
|z 2017022153
|
| 020 |
|
|
|a 9780813588223
|
| 020 |
|
|
|z 9780813597911
|
| 020 |
|
|
|z 9780813588216
|
| 020 |
|
|
|z 9780813588209
|
| 035 |
|
|
|a (OCoLC)986523726
|
| 040 |
|
|
|a MdBmJHUP
|c MdBmJHUP
|
| 100 |
1 |
|
|a Cowgill, Brittany,
|d 1986-
|e author.
|
| 245 |
1 |
0 |
|a Rest Uneasy :
|b Sudden Infant Death Syndrome in Twentieth-Century America /
|c Brittany Cowgill.
|
| 264 |
|
1 |
|a New Brunswick, New Jersey :
|b Rutgers University Press,
|c [2018]
|
| 264 |
|
3 |
|a Baltimore, Md. :
|b Project MUSE,
|c 2018
|
| 264 |
|
4 |
|c ©[2018]
|
| 300 |
|
|
|a 1 online resource (250 pages).
|
| 336 |
|
|
|a text
|b txt
|2 rdacontent
|
| 337 |
|
|
|a computer
|b c
|2 rdamedia
|
| 338 |
|
|
|a online resource
|b cr
|2 rdacarrier
|
| 490 |
0 |
|
|a Critical issues in health and medicine
|
| 505 |
0 |
|
|a "Deaths of infants in bed" : the historical origins of SIDS -- Cause of death : SIDS -- The theory of the month club : conducting research on SIDS -- Risky babies -- Mobilization : SIDS activism -- Cause for alarm -- Sleep like a baby -- Conclusion : "the disease of theories" : discovering SIDS.
|
| 520 |
|
|
|a Rest Uneasy investigates the processes by which SIDS became both a discrete medical enigma and a source of social anxiety construed differently over time and according to varying perspectives. Brittany Cowgill chronicles and assesses Americans' fraught but consequential efforts to explain and conquer SIDS.
|
| 588 |
|
|
|a Description based on print version record.
|
| 650 |
|
7 |
|a Sudden infant death syndrome
|x Prevention.
|2 fast
|0 (OCoLC)fst01137131
|
| 650 |
|
7 |
|a Sudden infant death syndrome.
|2 fast
|0 (OCoLC)fst01137126
|
| 650 |
|
7 |
|a Infants
|x Mortality.
|2 fast
|0 (OCoLC)fst00972161
|
| 650 |
|
7 |
|a MEDICAL
|x History.
|2 bisacsh
|
| 650 |
|
7 |
|a MEDICAL
|x Gynecology & Obstetrics.
|2 bisacsh
|
| 650 |
|
6 |
|a Medecine
|x Histoire
|y 20e siecle.
|
| 650 |
|
6 |
|a Nourrissons
|x Mortalite
|z États-Unis
|x Histoire.
|
| 650 |
|
6 |
|a Mort subite chez le nourrisson.
|
| 650 |
|
2 |
|a Sudden Infant Death
|
| 650 |
2 |
2 |
|a Sudden Infant Death
|x prevention & control
|
| 650 |
2 |
2 |
|a Infant Mortality
|x history
|
| 650 |
2 |
2 |
|a Risk Reduction Behavior
|
| 650 |
2 |
2 |
|a History, 20th Century
|
| 650 |
1 |
2 |
|a Sudden Infant Death
|x etiology
|
| 650 |
|
0 |
|a Infants
|x Mortality
|z United States
|x History.
|
| 650 |
|
0 |
|a Sudden infant death syndrome
|x Prevention.
|
| 650 |
|
0 |
|a Sudden infant death syndrome.
|
| 651 |
|
7 |
|a United States.
|2 fast
|0 (OCoLC)fst01204155
|
| 651 |
|
2 |
|a United States
|
| 655 |
|
7 |
|a History.
|2 fast
|0 (OCoLC)fst01411628
|
| 655 |
|
7 |
|a Electronic books.
|2 local
|
| 710 |
2 |
|
|a Project Muse.
|e distributor
|
| 830 |
|
0 |
|a Book collections on Project MUSE.
|
| 856 |
4 |
0 |
|z Texto completo
|u https://projectmuse.uam.elogim.com/book/58657/
|
| 945 |
|
|
|a Project MUSE - Custom Collection
|
| 945 |
|
|
|a Project MUSE - 2018 Complete
|
| 945 |
|
|
|a Project MUSE - 2018 Public Health and Health Policy
|